Diseño y evaluación de proyectos sociales
Na minha lista:
| Main Authors: | , |
|---|---|
| Formato: | Livro |
| Idioma: | espanhol |
| Publicado em: |
Zaragoza
Certeza
1996
|
| Colecção: | Biblioteca de Temas Sociales, 1
|
| Assuntos: | |
| Tags: |
Adicionar Tag
Sem tags, seja o primeiro a adicionar uma tag!
|
MARC
| LEADER | 00000nam a2200000 a 4500 | ||
|---|---|---|---|
| 001 | UCQ0988 | ||
| 003 | CL-VaPUC | ||
| 008 | 980703e19960000SP |||||||||||||||||spa|d | ||
| 082 | 0 | 4 | |a 361.25 |b GAR |2 21 |
| 100 | |a García Herrero, Gustavo A |e author |9 567365 | ||
| 700 | 0 | |a Ramírez Navarro, José Manuel |e author |9 414475 | |
| 245 | 1 | 0 | |a Diseño y evaluación de proyectos sociales |
| 300 | |a 393 p | ||
| 942 | |c BK | ||
| 945 | |d 19980703 00:00:00 |a aalvarez | ||
| 260 | |a Zaragoza |b Certeza |c 1996 | ||
| 650 | 7 | |a ELABORACION DE PROYECTOS |2 CL-VaPUC |9 263839 | |
| 650 | 0 | |a Evaluación de proyectos |9 259341 | |
| 650 | 7 | |a PROYECTOS EDUCACIONALES |2 CL-VaPUC |9 414476 | |
| 650 | 7 | |a PROYECTOS SOCIALES |2 CL-VaPUC |9 361906 | |
| 650 | 7 | |a PLANIFICACION |2 CL-VaPUC |9 260802 | |
| 650 | 7 | |a FLUJOGRAMAS |2 CL-VaPUC |9 263749 | |
| 583 | |a last modification |c 19980703 00:00:00 |k Rodrigo Vera | ||
| 490 | 0 | |a Biblioteca de Temas Sociales, 1 | |
| 999 | |c 272001 |d 271999 | ||
| 952 | |0 0 |1 0 |4 0 |6 361_250000000000000_GAR_1996 |7 0 |8 A |9 306816 |a BIBGIM |b BIBGIM |d 2019-11-20 |i 3438694 |o 361.25 GAR 1996 |p 3438694 |r 2025-01-15 |w 2019-11-20 |y BK |k SSL | ||
| 952 | |0 0 |1 0 |4 0 |6 361_250000000000000_GAR_1996 |7 0 |8 A |9 306817 |a BIBGIM |b BIBGIM |d 2019-11-20 |i 3592626 |o 361.25 GAR 1996 |p 3592626 |r 2025-01-15 |w 2019-11-20 |y BK |k GIM | ||